Statistics for August 24th: Birthdays

Click here to take the quiz!

General Stats

  • This quiz has been taken 4 times
  • The average score is 5 of 11

Answer Stats

YearClueAnswer% Correct
1988Actor in Harry PotterRupert Grint
75%
1933President of the Palestinian National AuthorityYasser Arafat
75%
1902Part of the Gambino FamilyCarlo Gambino
50%
1957Actor in Blackadder
Stephen Fry
50%
1922Wrote A People's History of the United StatesHoward Zinn
50%
1899Wrote LabyrinthsJorge Luis Borges
50%
1965Only deaf performer to win an Academy AwardMarlee Matlin
50%
1759Leader of the movement to abolish the slave tradeWilliam Wilberforce
50%
1960MLB LegendCal Ripken Jr
25%
1952Coach for the Denver BroncosMike Shanahan
25%
1945AIDS activistMarsha P. Johnson
0%

Score Distribution

Percentile by Number Answered

Percent of People with Each Score

Your Score History

You have not taken this quiz